Bài tập sức bền vật liệu

में बचाया:
ग्रंथसूची विवरण
मुख्य लेखक: Vũ, Đình Lai
स्वरूप: पुस्तक
भाषा:Undetermined
प्रकाशित: Hà Nội Giáo dục 1995
विषय:
टैग : टैग जोड़ें
कोई टैग नहीं, इस रिकॉर्ड को टैग करने वाले पहले व्यक्ति बनें!
Thư viện lưu trữ: Trung tâm Học liệu Trường Đại học Cần Thơ
LEADER 00551nam a2200181Ia 4500
001 CTU_4433
008 210402s9999 xx 000 0 und d
082 |a 620.112076 
082 |b L103 
100 |a Vũ, Đình Lai 
245 0 |a Bài tập sức bền vật liệu 
245 0 |c Vũ Đình Lai 
260 |a Hà Nội 
260 |b Giáo dục 
260 |c 1995 
650 |a strength of materials - problems, exercises 
904 |i Nguyễn Quang Điền, 960619 
980 |a Trung tâm Học liệu Trường Đại học Cần Thơ